| 000 -LEADER |
| fixed length control field |
00633nam a22001937a 4500 |
| 005 - DATE AND TIME OF LATEST TRANSACTION |
| control field |
20240125105333.0 |
| 008 - FIXED-LENGTH DATA ELEMENTS--GENERAL INFORMATION |
| fixed length control field |
240125s2022 enk||||| |||| 00| 0 eng d |
| 020 ## - INTERNATIONAL STANDARD BOOK NUMBER |
| International Standard Book Number |
9789356061316 |
| 041 ## - LANGUAGE CODE |
| Language code of text/sound track or separate title |
eng |
| 080 ## - UNIVERSAL DECIMAL CLASSIFICATION NUMBER |
| Universal Decimal Classification number |
004.6 K-93 |
| 100 ## - MAIN ENTRY--PERSONAL NAME |
| Personal name |
Kurose, James F. |
| 9 (RLIN) |
8731 |
| 245 ## - TITLE STATEMENT |
| Title |
Pearson Computer Networking : |
| Remainder of title |
A Top-Down Approach / |
| Statement of responsibility, etc. |
James F. Kurose, Keith W. Ross. |
| 264 ## - PRODUCTION, PUBLICATION, DISTRIBUTION, MANUFACTURE, AND COPYRIGHT NOTICE |
| Place of production, publication, distribution, manufacture |
Tamilnadu : |
| Name of producer, publisher, distributor, manufacturer |
Pearson, |
| Date of production, publication, distribution, manufacture, or copyright notice |
2022. |
| 300 ## - PHYSICAL DESCRIPTION |
| Extent |
794 p.: |
| Other physical details |
ill.; |
| Dimensions |
24 cm. |
| 653 ## - INDEX TERM--UNCONTROLLED |
| keyword |
კომპიუტერული ქსელები |
| 653 ## - INDEX TERM--UNCONTROLLED |
| keyword |
ინტერნეტი |
| 700 ## - ADDED ENTRY--PERSONAL NAME |
| Personal name |
Ross, Keith W. |
| 9 (RLIN) |
8734 |
| 942 ## - ADDED ENTRY ELEMENTS (KOHA) |
| Source of classification or shelving scheme |
|
| Koha item type |
წიგნი |